| 000 | 00579nam a22001937a 4500 | ||
|---|---|---|---|
| 005 | 20251108164715.0 | ||
| 008 | 250721s1971 xx 000 0 ara d | ||
| 082 | 1 | 4 | _a811.909611/زين |
| 100 | 1 | _aالسنوسي، زين العابدين | |
| 245 | 1 | 0 | _aالوطنية في شعر إبن حمد يس / |
| 264 | 1 |
_aتونس : _bدار المغرب العربي، _c1971. |
|
| 300 | _a64ص | ||
| 650 | 1 | 7 | _aالشعر العربي |
| 650 | 1 | 7 | _aالتاريخ الأدبي |
| 650 | 1 | 7 | _aالنقد الأدبي |
| 650 | 1 | 7 | _aتونس |
| 942 |
_2ddc _cBK |
||
| 999 |
_c12363 _d12363 |
||